[Event "Champions Showdown Kings Rapid 2019-A"]
[Site "Saint Louis"]
[Date "2019.02.20"]
[Round "1.1"]
[White "Harikrishna, Pentala"]
[Black "Caruana, Fabiano"]
[Result "0-1"]
[WhiteElo "2726"]
[BlackElo "2828"]
[Annotator "TA"]
[PlyCount "104"]
[EventDate "2019.02.09"]
[EventType "match (rapid)"]
[EventCountry "USA"]
[SourceTitle "playchess.com"]
[Source "ChessBase"]
[SourceQuality "1"]

{[%evp 14,104,32,19,25,21,18,30,17,20,16,0,0,0,0,0,0,0,0,0,7,-8,-5,-5,0,0,0,0,9,0,0,0,0,-14,-25,-28,-8,-8,0,0,0,0,0,0,0,0,0,0,0,0,0,0,-5,-19,-7,-9,-8,-8,-11,-135,-156,-146,-148,-127,-145,-235,-203,-221,-200,-197,-200,-649,-631,-727,-726,-724,-703,-681,-642,-3641,-3135,-2686,-3094,-2010,-1931,-29964,-8572,-29977,-29978,-29979,-29979,-29981,-12359]} 1. e4 e5 2. Nf3 Nf6 3. Nxe5 d6 4. Nf3 Nxe4 5. d4 d5 6. Bd3 Bf5 7. O-O Be7 8. c4 dxc4 {C42: Petroff Defence: 3 Nxe5 and unusual White 3rd moves} 9. Bxc4 O-O 10. Re1 Nc6 {White has an edge.} 11. d5 Nb8 $146 ({Predecessor:} 11... Nd6 12. dxc6 Nxc4 13. Qa4 Nb6 14. Qf4 Bg6 15. cxb7 Rb8 16. Nc3 {1-0 (42) Vachier Lagrave,M (2780)-Duda,J (2739) Batumi 2018}) 12. Nd4 Bg6 13. Nc3 Nd6 14. Bd3 Nd7 15. Bf4 a6 16. Bxg6 hxg6 17. h3 Bf6 18. Rc1 Nb6 19. Nf3 Rc8 20. Qb3 Qd7 21. Ne5 Bxe5 22. Bxe5 Rfe8 23. Qb4 Nb5 24. Nxb5 Qxb5 (24... axb5 {is more complex.} 25. d6 Nc4 26. Bf4 Rxe1+ 27. Rxe1 Nxd6 28. Qd2 Ra8) 25. Qd4 Qxd5 26. Bxg7 Qxd4 27. Bxd4 {[#] Strongly threatening Rxe8+.} Nd5 28. g3 f6 29. Kg2 Kf7 30. h4 Rxe1 31. Rxe1 $11 {[%mdl 4096] Endgame KRB-KRN} c5 32. Be3 b5 {[%cal Bb7b5,Bb5b4,Bb4c3][%mdl 32]} 33. Kf3 c4 34. Bd2 b4 35. Rc1 f5 36. g4 (36. a3 $11 {keeps the balance.}) 36... fxg4+ $17 37. Kxg4 c3 38. bxc3 bxc3 39. Be1 (39. Be3 $17) 39... Rc4+ 40. Kf3 Rxh4 41. Ke2 Rh3 42. f3 $2 {[#]} (42. a3) 42... Rh2+ $19 43. Kd3 Nb4+ 44. Kc4 Nxa2 45. Bg3 Rg2 46. Ra1 Rxg3 47. Rxa2 Rxf3 {KR-KR} 48. Kd4 g5 49. Rxa6 g4 50. Ke4 c2 {Black mates.} 51. Ra1 Kf6 52. Rc1 Rf2 {Accuracy: White = 45%, Black = 81%.} 0-1

[Event "Champions Showdown Kings Rapid 2019-A"]
[Site "Saint Louis"]
[Date "2019.02.20"]
[Round "2.1"]
[White "Caruana, Fabiano"]
[Black "Harikrishna, Pentala"]
[Result "1/2-1/2"]
[WhiteElo "2828"]
[BlackElo "2726"]
[Annotator "TA"]
[PlyCount "105"]
[EventDate "2019.02.09"]
[EventType "match (rapid)"]
[EventCountry "USA"]
[SourceTitle "playchess.com"]
[Source "ChessBase"]
[SourceQuality "1"]

{[%evp 13,105,13,17,0,14,0,0,0,0,0,0,0,0,0,0,0,0,0,0,0,3,0,0,0,0,0,0,0,0,0,-6,-23,0,0,0,0,0,0,0,0,0,0,0,0,0,0,0,0,0,0,0,0,5,2,6,0,8,2,4,0,0,0,0,0,0,0,0,0,0,0,0,0,0,0,0,0,0,0,0,0,0,0,0,0,0,0,0,0,0,0,0,0,0,0]} 1. e4 e5 2. Nf3 Nc6 3. Bb5 Nf6 4. d3 Bc5 5. Bxc6 dxc6 6. Nbd2 {C65: Ruy Lopez: Berlin Defence (3...Nf6), unusual lines and 4 0-0 Bc5} Be6 7. Qe2 Bd6 {LiveBook: 7 Games} (7... Nd7 8. Nb3 Bb6 9. Ng5 Bxb3 10. axb3 f6 11. Nf3 Nc5 12. Nd2 Qd7 13. Nc4 Ne6 {½-½ (43) Navara,D (2738)-So,W (2765) Caleta 2019}) 8. h3 Nd7 $146 ({Predecessor:} 8... h6 9. b3 Nd7 10. Bb2 Qf6 11. Nh2 h5 12. Nhf1 Nf8 13. Ne3 Ng6 {1-0 (47) Sevian,S (2595)-Hovhannisyan,R (2640) Martuni 2016}) 9. b3 a5 10. a4 O-O 11. O-O Re8 12. Bb2 Qf6 13. Rae1 Bb4 14. Rd1 b5 15. axb5 cxb5 16. d4 {Black must now prevent d5.} Qg6 17. Kh1 Qh5 18. d5 Bg4 $1 19. Kg1 Bxf3 20. Nxf3 Reb8 21. Ra1 Bd6 22. Ra2 a4 23. Rfa1 {The position is equal.} f5 24. bxa4 bxa4 25. Ba3 fxe4 26. Qxe4 Nf6 {[%cal Bd7f6,Bf6d5,Bd5e3][%mdl 32]} 27. Qc4 e4 28. Bxd6 cxd6 29. Nd4 Qxd5 30. Qxd5+ Nxd5 31. Rxa4 Rxa4 32. Rxa4 $11 {[%mdl 4096] Endgame KRN-KRN} e3 33. fxe3 Nxe3 34. Ra7 Re8 35. Kf2 g6 36. Rd7 Nc4 37. g4 Rf8+ 38. Kg3 Rf7 39. Rd8+ Rf8 40. Rxf8+ Kxf8 {KN-KN} 41. Kf4 h6 42. Ke4 {White wants to play Kd5.} Ke7 43. c3 Nb6 44. h4 Na4 45. Ne2 Nc5+ 46. Kd5 Nd7 47. g5 hxg5 48. hxg5 Ne5 49. Nf4 Kd7 50. c4 Nf7 51. Nxg6 {[#] Hoping for Nf8+.} Nxg5 52. c5 dxc5 53. Kxc5 {Precision: White = 69%, Black = 91%.} 1/2-1/2

[Event "Champions Showdown Kings Rapid 2019-A"]
[Site "Saint Louis"]
[Date "2019.02.20"]
[Round "3.1"]
[White "Harikrishna, Pentala"]
[Black "Caruana, Fabiano"]
[Result "0-1"]
[WhiteElo "2726"]
[BlackElo "2828"]
[Annotator "TA"]
[PlyCount "108"]
[EventDate "2019.02.09"]
[EventType "match (rapid)"]
[EventCountry "USA"]
[SourceTitle "playchess.com"]
[Source "ChessBase"]
[SourceQuality "1"]

{[%evp 11,108,18,10,0,-1,-23,-30,-29,-24,-36,-32,-41,-35,-27,-10,-29,-14,-12,-6,-19,0,0,-8,-37,-35,-21,-21,-22,-16,-14,-19,-17,19,7,2,0,0,0,0,0,0,-24,-8,-31,-33,-45,-41,-41,-37,-45,-45,-37,-37,-68,-68,-67,-37,-49,-54,-47,-58,-124,-65,-89,-89,-89,-89,-89,-89,-89,-89,-102,-104,-104,-104,-128,-128,-197,-197,-196,-195,-277,-265,-387,-372,-356,-344,-410,-404,-410,-399,-437,-437,-423,-392,-358,0,-29998,-29999]} 1. e4 {Huzman,A} e5 2. Nf3 Nf6 3. d4 Nxe4 4. dxe5 d5 5. Nbd2 Nxd2 6. Qxd2 {C43: Petroff Defence: 3 d4} c5 {LiveBook: 18 Games} 7. c3 Nc6 8. Qf4 {The position is equal.} h6 9. Bd3 Be6 10. O-O $146 ({Predecessor:} 10. Qg3 Qd7 11. O-O O-O-O 12. a3 g5 13. b4 f5 {0-1 (26) Tkachiev,V (2632)-Karpov,A (2688) Bastia 2002 CBM 092 [Huzman,A]}) 10... g5 11. Qe3 Qc7 12. b4 g4 13. Nh4 $1 Qxe5 14. bxc5 O-O-O 15. Nf5 Bxc5 16. Qxc5 Bxf5 17. Bb5 Qd6 18. Ba3 Qxc5 19. Bxc5 Kc7 20. f3 gxf3 21. Rxf3 Be6 22. a4 b6 23. Be3 d4 24. Bf4+ Kb7 25. Bxc6+ Kxc6 26. Be5 Rhg8 $36 {[%mdl 2048] Black is pushing.} 27. Bxd4 Rd5 28. Rf4 h5 29. Rb1 Rdg5 30. g3 Ra5 31. Rb4 Rg4 32. Kf2 Rxf4+ 33. gxf4 $15 {[%mdl 4096] Endgame KRB-KRB} h4 34. c4 Bd7 35. Ke3 Kd6 36. Bc3 (36. Kf3 $15) 36... Ke6 ({Don't play} 36... Bxa4 37. Rb1 $15) ({Better is} 36... Kc5 $17 37. Kd3 h3) 37. h3 Bxa4 38. Be1 Bd7 {White must now prevent ...Ra3+.} 39. Bxh4 Ra3+ 40. Kd4 Rxh3 41. Bf2 Kd6 42. Rb2 Ra3 43. Ke4 Ra4 44. Kd3 (44. Rd2+ $17 {was worth a try.} Kc6 45. f5) 44... Be6 $19 45. c5+ bxc5 46. Rb7 (46. Kd2 $142) 46... Kc6 47. Re7 (47. Rb2 {keeps fighting.}) 47... Rxf4 48. Be3 Ra4 49. Bd2 Ra2 50. Bc3 a5 {[%cal Ba7a5,Ba5a4][%mdl 32]} 51. Be5 a4 52. Ra7 Kd5 53. Bf4 Kc6 $2 (53... Ra3+ $19 54. Kc2 Rf3) 54. Be3 $2 {[%mdl 8192] [#]} (54. Be5 $11 Ra3+ 55. Bc3) 54... Bf5+ {Precision: White = 34%, Black = 77%.} 0-1

[Event "Champions Showdown Kings Rapid 2019-A"]
[Site "Saint Louis"]
[Date "2019.02.20"]
[Round "4.1"]
[White "Caruana, Fabiano"]
[Black "Harikrishna, Pentala"]
[Result "1-0"]
[WhiteElo "2828"]
[BlackElo "2726"]
[Annotator "TA"]
[PlyCount "113"]
[EventDate "2019.02.09"]
[EventType "match (rapid)"]
[EventCountry "USA"]
[SourceTitle "playchess.com"]
[Source "ChessBase"]
[SourceQuality "1"]

{[%evp 9,113,31,43,19,20,19,20,10,27,19,18,8,22,8,38,39,46,46,45,51,70,48,72,86,105,55,104,93,98,95,108,75,53,72,83,97,107,69,68,65,52,-16,-10,-43,-47,-77,-21,-20,0,-9,-24,-22,47,0,0,0,0,0,11,21,8,13,50,0,0,-127,0,-4,-7,-10,-9,-35,0,0,0,0,0,0,0,0,0,0,0,0,0,-32,331,316,29959,9463,29973,29974,29974,29975,29970,7288,29968,29971,29972,29967,29981,29975,29987,29986,29986,29987]} 1. e4 c5 2. Nf3 e6 3. d4 cxd4 4. Nxd4 Nc6 5. Nc3 Qc7 6. Qd3 {B47: Sicilian: Taimanov: 5 Nc3 Qc7 6 f4, 6 g3 and 6 Be2} (6. g3 a6 7. Bg2 Nf6 8. O-O d6 9. Nxc6 bxc6 10. Na4 Rb8 11. c4 c5 12. b3 Be7 13. Bb2 O-O 14. Qe1 Nd7 15. Rd1 Bb7 16. Qc3 Bf6 17. Qd2 Be7 18. Qc3 {1-0 (40) Carlsen,M (2835)-Rapport,R (2731) Wijk aan Zee 2019}) 6... Nf6 7. Ndb5 Qb8 $1 8. Qg3 {The position is equal.} d6 $1 9. Be3 {aiming for 0-0-0.} a6 10. Nd4 h5 $146 ({Predecessor:} 10... e5 11. Nb3 Be6 12. O-O-O Qc7 13. Kb1 Rc8 {1-0 (50) Baklan,V (2605)-Vedmediuc,S (2472) Sovata 2018}) 11. f3 e5 12. Nb3 Be6 13. O-O-O Qc7 14. Kb1 Rc8 15. Qf2 b5 16. Qd2 Qb7 17. Be2 Nb8 18. Nd5 Nxd5 19. exd5 Bf5 20. Bd3 (20. Rc1 {is interesting.} Be7 21. f4 Nd7 22. Na5 Qc7 23. Bd3) 20... Bxd3 21. Qxd3 Be7 22. f4 Bf6 23. Nd2 Nd7 24. Ne4 Be7 $1 25. Qe2 (25. Ng3 $14) 25... f5 $1 $11 {[%cal Rf5e4]} 26. Nf2 (26. Ng3 $5 {[%cal Rg3f5]} g6 27. Qd2 $15) 26... e4 27. g3 Bf6 (27... b4 $17) 28. h3 Nb6 29. Bxb6 $1 Qxb6 30. g4 g6 {[#]} (30... Kd8 $11) 31. Nxe4 $1 {[%mdl 512]} fxe4 32. Qxe4+ {[%mdl 64] Double Attack} Kd8 33. Qxg6 Rf8 34. g5 Bh8 35. Rhe1 {Strongly threatening f5.} (35. Qxh5 $2 Rxc2 $3 {[%mdl 512]} 36. Kxc2 Qc5+ 37. Kb1 Qf2 $19) 35... Qc5 36. Re6 {[%mdl 1024] White has compensation.} Kc7 37. f5 {[#]} ({But not} 37. Qxh5 Kb8 $17) (37. Qe4 $11 {keeps the balance.}) 37... Kb8 ({Better is} 37... Rg8 $1 $17 {[%cal Rg8g6]} 38. Qxh5 Kb8) 38. f6 $132 {[%mdl 2048] Threatens to win with Qd3. White is fighting back} Rg8 39. Qe4 {Hoping for h4.} Rxg5 {White must now prevent ...Rg1.} 40. a4 Rg3 41. Rf1 Rg1 ({Of course not} 41... Rxh3 $6 42. Re8 $16) 42. Rxg1 Qxg1+ 43. Ka2 Qc5 44. f7 Bg7 45. Re8 Qc4+ 46. Qxc4 bxc4 {[%mdl 4096] Endgame KRB-KR} 47. a5 Bf8 $2 {[%mdl 8192]} (47... Kc7 $15 {stays ahead.}) 48. Ka3 Kc7 $2 (48... Bh6 $18 49. Ka4 Bg7) 49. Kb4 (49. Rxc8+ $142 Kxc8 50. Kb4 Kd8 51. Kxc4 Bh6 52. b4 Bg7 53. b5 axb5+ 54. Kxb5) 49... Kd7 50. Rxc8 Kxc8 51. Kxc4 {KB-KP} Kd7 52. b4 Ke7 53. b5 {White mates.} axb5+ 54. Kxb5 Kd7 55. Kb6 Kc8 56. Kc6 h4 57. c4 {Accuracy: White = 71%, Black = 44%.} 1-0

[Event "Champions Showdown Kings Rapid 2019-A"]
[Site "Saint Louis"]
[Date "2019.02.21"]
[Round "5.1"]
[White "Harikrishna, Pentala"]
[Black "Caruana, Fabiano"]
[Result "0-1"]
[WhiteElo "2726"]
[BlackElo "2828"]
[Annotator "TA"]
[PlyCount "98"]
[EventDate "2019.02.09"]
[EventType "match (rapid)"]
[EventCountry "USA"]
[SourceTitle "playchess.com"]
[Source "ChessBase"]
[SourceQuality "1"]

{[%evp 9,98,0,0,0,1,8,-10,-2,35,29,56,27,27,-17,0,-19,22,12,14,14,25,0,0,-61,-57,-49,-54,-47,-54,-55,-48,-48,-58,-62,-46,-49,-45,-45,-47,-65,-41,-88,-82,-72,-79,-89,-85,-91,-92,-106,-106,-106,-99,-112,-114,-102,-107,-131,-131,-128,-128,-129,-102,-102,-102,-102,-102,-140,-132,-139,-131,-181,-171,-266,-265,-459,-466,-463,-463,-470,-438,-629,-618,-785,-779,-779,-779,-844,-840,-856,-766]} 1. d4 Nf6 2. Bf4 d5 3. e3 c5 4. Nf3 Nc6 5. Nbd2 (5. c3 cxd4 6. exd4 Bf5 7. Qb3 Na5 8. Qa4+ Bd7 9. Qc2 Rc8 10. Nbd2 g6 11. Bd3 Bg7 12. O-O O-O 13. Ne5 Nc6 14. Nxc6 Bxc6 {0-1 (66) Eljanov,P (2680)-Saric,I (2690) chess.com INT 2019}) 5... Qb6 {[%cal Rc5d4]} 6. dxc5 {D02: 1 d4 d5 2 Nf3 sidelines, including 2...Nf6 3 g3 and 2...Nf6 3 Bf4} Qxb2 7. Rb1 Qc3 8. Bb5 {The position is equal.} Bd7 9. O-O e6 10. Be2 $146 ({Predecessor:} 10. Nb3 Be7 11. a4 O-O 12. Nfd4 Ne4 {0-1 (38) Paehtz,E (2487)-Zawadzka,J (2423) Wroclaw 2018}) 10... Na5 11. Ne5 Bxc5 12. Nb3 Bb6 13. Nxd7 Nxd7 14. Nxa5 Qxa5 15. Bb5 Rd8 $1 16. Qg4 (16. e4 $11) 16... O-O $15 17. Bg5 Ne5 18. Qg3 f6 {[#]} 19. Bxf6 $1 {[%mdl 576] Remove Defender} Rxf6 20. Qxe5 Qxa2 21. Bd3 {Threatens to win with Ra1.} Qa3 22. g3 Qd6 23. Qxd6 Rxd6 24. Kg2 e5 25. Rfd1 {[#]} e4 $1 $36 {[%cal Re4d3][%mdl 2048] Black has strong initiative.} 26. Be2 d4 27. exd4 Bxd4 28. f3 b6 29. Rb4 exf3+ 30. Bxf3 Bc5 31. Rxd6 Rxd6 $17 {[%mdl 4096] Endgame KRB-KRB} 32. Re4 a5 33. h4 Kf7 34. g4 Rd2+ 35. Re2 Rd1 36. Bc6 Kf6 37. Kf3 h6 38. Bb5 Rh1 39. h5 Rh3+ 40. Ke4 Rg3 41. Bd7 {[#]} (41. Kd5 {might work better.}) 41... a4 $1 $19 {[%cal Ba5a4,Ba4a3,Ba3a2][%mdl 544]} 42. Kd5 $2 (42. Re1) (42. Bxa4 Rxg4+) 42... a3 {aiming for ...a2.Black is clearly winning.} 43. c4 Re3 44. Rf2+ Kg5 45. Ra2 (45. Kc6 $142 Rc3 46. Ra2) 45... Rf3 46. Bf5 Rf2 47. Ra1 a2 48. Ke4 Be7 49. c5 Bf6 {Accuracy: White = 51%, Black = 87%.} 0-1

[Event "Champions Showdown Kings Rapid 2019-A"]
[Site "Saint Louis"]
[Date "2019.02.21"]
[Round "6.1"]
[White "Caruana, Fabiano"]
[Black "Harikrishna, Pentala"]
[Result "1/2-1/2"]
[WhiteElo "2828"]
[BlackElo "2726"]
[Annotator "TA"]
[PlyCount "121"]
[EventDate "2019.02.09"]
[EventType "match (rapid)"]
[EventCountry "USA"]
[SourceTitle "playchess.com"]
[Source "ChessBase"]
[SourceQuality "1"]

{[%evp 15,121,50,50,17,28,22,37,28,17,0,0,0,44,41,56,54,53,49,47,52,52,41,55,51,54,50,66,56,54,59,68,30,40,29,50,11,42,13,32,30,88,7,50,25,33,0,4,0,0,0,0,0,0,0,0,0,0,0,0,0,0,0,0,0,0,0,0,0,0,0,0,0,0,0,0,0,0,0,0,-103,0,0,0,0,0,0,0,0,0,0,0,0,0,0,0,0,0,0,0,0,0,0,0,0,0,0,0,0]} 1. e4 e5 2. Nf3 Nc6 3. Bb5 a6 4. Ba4 d6 5. c3 f5 6. exf5 Bxf5 7. O-O Bd3 8. Re1 Be7 9. Na3 {C74: Ruy Lopez: Deferred Steinitz: 5 c3 f5} (9. Bc2 Bxc2 10. Qxc2 Nf6 11. d4 e4 12. Ng5 d5 13. Nd2 Nh5 14. Ndxe4 dxe4 15. Qxe4 Nf6 16. Qc2 Qd7 17. Ne6 Kf7 18. Bf4 Rhc8 19. Qb3 Qd5 20. Nxc7 Qxb3 21. axb3 {1-0 (44) Kamsky,G (2666)-Sychev,K (2537) St Petersburg 2018}) 9... Nf6 10. Re3 $146 ({Predecessor:} 10. Bc2 Bxc2 11. Nxc2 Qd7 12. d4 e4 13. d5 exf3 14. dxc6 bxc6 15. Qxf3 O-O 16. Qd3 d5 {½-½ (60) Ter Sahakyan,S (2480)-Pavlidis,A (2266) Herceg Novi 2008}) 10... b5 11. Rxd3 {[#] Threatens to win with Nxb5!White is slightly better.} bxa4 12. Qxa4 Qd7 13. Re3 e4 14. Nd4 Ne5 15. Qxd7+ Kxd7 16. Nf5 Bf8 17. d4 Nd3 18. Re2 d5 19. Nc2 $1 g6 20. Ng3 h5 21. Ne1 Nxc1 22. Rxc1 Bh6 23. Rd1 Rab8 24. Nf1 a5 25. b3 Rb6 26. g3 Rc6 27. Rc2 h4 (27... a4 $11) 28. c4 (28. gxh4 $16 a4 29. Ng2 (29. bxa4 Ra8 $14)) 28... hxg3 (28... h3 {seems wilder.} 29. f4 g5 30. f5 dxc4 31. bxc4 g4) 29. hxg3 (29. Nxg3 {with more complications.} a4 30. cxd5 Rxc2 31. Nxc2 axb3 32. axb3 Bf4 33. Re1) 29... a4 30. cxd5 Nxd5 31. bxa4 Ra8 32. Rxc6 Kxc6 33. Ng2 Nc3 34. Re1 Rxa4 35. Nh4 Rxa2 36. Nxg6 Kd5 37. Ne7+ Ke6 38. Nc6 Kd6 39. Ne5 Bg7 40. Ne3 {Nf5+ is the strong threat.} Bxe5 41. dxe5+ Kxe5 $11 {[%mdl 4096] Endgame KRN-KRN} 42. Kg2 Nd5 43. Nxd5 Kxd5 {KR-KR} 44. g4 c5 45. g5 c4 {White should prevent ...c3.} 46. Kg3 c3 47. Rd1+ {[#]} (47. f4 $11) 47... Rd2 (47... Kc4 $1 $17 48. Rd7 Ra5) 48. Rc1 {The position is equal.} Kc4 49. g6 Rd6 50. Kf4 {aiming for Rg1.} Rxg6 51. Kxe4 Re6+ 52. Kf5 Re2 53. f4 c2 {White must now prevent ...Kc3.} (53... Re3 $5 54. Kg4 $8 Kd3 $11) 54. Kf6 Kd5 55. f5 Ke4 (55... Rg2 {looks sharper.} 56. Kf7 Rf2 57. f6 Rg2 58. Ke7 Re2+) 56. Ke6 Kf4+ (56... Rf2 {is interesting.} 57. f6 Kd3 58. f7 Kd2 59. Rh1 c1=Q) 57. Kd5 Kxf5 58. Kd4 $1 Rh2 59. Kc3 Ke4 60. Rxc2 Rxc2+ 61. Kxc2 {Accuracy: White = 75%, Black = 70%.} 1/2-1/2

[Event "Champions Showdown Kings Rapid 2019-A"]
[Site "Saint Louis"]
[Date "2019.02.21"]
[Round "7.1"]
[White "Harikrishna, Pentala"]
[Black "Caruana, Fabiano"]
[Result "0-1"]
[WhiteElo "2726"]
[BlackElo "2828"]
[Annotator "TA"]
[PlyCount "44"]
[EventDate "2019.02.09"]
[EventType "match (rapid)"]
[EventCountry "USA"]
[SourceTitle "playchess.com"]
[Source "ChessBase"]
[SourceQuality "1"]

{[%evp 16,44,5,-12,-14,-12,-19,-14,-16,-14,0,-26,2,0,8,14,6,-5,-4,-9,-9,-7,0,-15,0,-34,-39,-46,-62,-550,-538]} 1. c4 e5 2. d3 Nf6 3. Nf3 Nc6 4. g3 d5 5. cxd5 Nxd5 6. Bg2 Be7 7. O-O Be6 8. Nc3 O-O 9. Bd2 {LiveBook: 96 Games} a5 {A29: English Opening: Four Knights Variation with 4 g3} (9... Qd7 10. Ne4 f6 11. Rc1 a5 12. Nc5 Bxc5 13. Rxc5 a4 14. Qc1 Nde7 15. Qb1 Nf5 16. Rfc1 Qf7 17. a3 Nfd4 {0-1 (49) Fedoseev,V (2673)-Kryvoruchko,Y (2702) Novi Sad 2016}) 10. Nxd5 $146 ({Predecessor:} 10. a3 Nb6 11. Na4 Ra6 12. Nxb6 Rxb6 13. Bc3 Bf6 14. Nd2 Bd5 15. Bxd5 Qxd5 16. Nc4 Ra6 17. Ne3 Qe6 18. a4 {½-½ (18) Cvek,R (2411)-Trichkov,V (2313) Plzen 2001}) 10... Bxd5 11. Bc3 Qd6 {The position is equal.} 12. Qa4 Rfe8 13. Rfd1 Bf8 14. e4 Be6 15. d4 exd4 16. Nxd4 Nxd4 17. Bxd4 Qb4 18. Qc2 $1 c6 {[%cal Bc7c6,Bc6c5][%mdl 32]} 19. a3 Qb5 {next ...Bb3 is good for Black.} 20. a4 Qb3 21. Qe2 Rad8 22. Qe3 $2 {[%mdl 8192] [#]} ({White should play} 22. Bf3 $15) 22... c5 $1 {[%mdl 512] Precision: White = 25%, Black = 56%.} 0-1

[Event "Champions Showdown Kings Rapid 2019-A"]
[Site "Saint Louis"]
[Date "2019.02.21"]
[Round "8.1"]
[White "Caruana, Fabiano"]
[Black "Harikrishna, Pentala"]
[Result "1-0"]
[WhiteElo "2828"]
[BlackElo "2726"]
[Annotator "TA"]
[PlyCount "97"]
[EventDate "2019.02.09"]
[EventType "match (rapid)"]
[EventCountry "USA"]
[SourceTitle "playchess.com"]
[Source "ChessBase"]
[SourceQuality "1"]

{[%evp 24,97,24,27,22,15,8,15,11,7,12,-6,-3,-8,-8,-3,-3,-12,-5,-12,0,0,0,0,0,-14,-10,-14,-11,-9,-7,-2,0,0,0,0,0,-33,0,0,0,0,2,1,9,9,10,0,39,38,80,80,98,79,240,215,213,3,3,3,3,0,0,0,208,208,262,0,0,-26,1011,1010,921,917,914,906]} 1. e4 e5 2. Nf3 Nc6 3. Bb5 a6 4. Ba4 Nf6 5. O-O Be7 6. Re1 b5 7. Bb3 d6 8. c3 O-O 9. h3 Nb8 10. d4 Nbd7 11. Nbd2 Bb7 12. Bc2 c5 13. d5 c4 {C95: Closed Ruy Lopez: Breyer Variation with 10 d4} 14. b3 cxb3 15. axb3 Qc7 {The position is equal.} 16. Bb2 a5 17. Bd3 b4 18. Nc4 Nc5 $146 ({Predecessor:} 18... Nb6 19. Ne3 bxc3 20. Rc1 Rfc8 21. Bxc3 {1-0 (74) Smirnov,A (2523)-Warakomska,A (2342) Warsaw 2018}) 19. cxb4 axb4 20. Bc2 {[%cal Rf3e5]} Rxa1 21. Bxa1 Ba6 22. Nfxe5 dxe5 23. d6 {[#]} Bxd6 $1 {[%mdl 512]} 24. Qxd6 (24. Nxd6 Rd8) 24... Qxd6 25. Nxd6 Nfd7 26. Rd1 g6 27. Bb2 Rb8 28. Bc1 Kf8 29. Be3 Rb6 30. f4 Rc6 31. fxe5 $1 Nxe5 32. Rd5 $36 {[%mdl 2048] White fights for an advantage.} Ncd7 33. Bd1 Bd3 34. Bd2 f6 35. Kh2 Kg7 36. Bxb4 Rc1 {[#]} 37. Bg4 $1 {[%cal Rg4d7]} Nb6 38. Rd4 h5 $2 (38... Nc6 $16 {is a better defense.} 39. Rxd3 Nxb4) 39. Be6 $18 {Strongly threatening Ne8+.} Rc2 40. Kg1 $2 ({Only move:} 40. Ne8+ $18 Kh8 41. Rd8) 40... Rc1+ $1 $11 41. Kf2 {And now Ne8+ would win.} Rc2+ $1 42. Kg1 {Threatens to win with Ne8+.} Rc1+ $1 43. Kh2 $2 (43. Kf2 $11 Kh7 44. Ne8 Rf1+ 45. Ke3) 43... Rc2 $1 $18 {White must now prevent ...Nf3+.} 44. Ne8+ Kh6 {Hoping for ...Nf3+.} 45. Rd8 $2 (45. Nxf6 $18 {Intending Bf8+ and mate.} Kg7 46. Ne8+ Kh7 47. Rd6) 45... h4 $11 {( -> ...Nf3+)} 46. Bg4 Nc6 $2 {[%mdl 8192]} (46... Nbd7 $11 47. Rxd7 Nxd7 48. Bxd7 Bxe4) 47. Bf8+ $18 {White is clearly winning.} Kg5 48. Rxd3 Ne5 49. Rd6 {[%mdl 64] Double Attack. Accuracy: White = 53%, Black = 59%.} 1-0

[Event "Champions Showdown Kings Rapid 2019-A"]
[Site "Saint Louis"]
[Date "2019.02.22"]
[Round "9.1"]
[White "Harikrishna, Pentala"]
[Black "Caruana, Fabiano"]
[Result "1-0"]
[WhiteElo "2726"]
[BlackElo "2828"]
[Annotator "TA"]
[PlyCount "123"]
[EventDate "2019.02.09"]
[EventType "match (rapid)"]
[EventCountry "USA"]
[SourceTitle "playchess.com"]
[Source "ChessBase"]
[SourceQuality "1"]

{[%evp 18,123,20,16,18,20,23,16,47,25,18,15,19,26,24,9,12,-2,0,-8,-2,-10,-14,-13,-15,-19,-22,-16,-3,-8,-6,-12,-7,-11,0,-8,-8,-8,-12,-12,-8,-28,-44,-34,-28,-29,-29,-33,-13,-14,-17,-25,-15,-52,-12,-13,-12,-20,0,0,297,297,287,293,289,291,283,283,283,285,289,289,289,289,289,289,284,283,278,277,716,715,656,649,582,581,692,717,803,732,803,803,29976,29977,29979,29980,29980,29981,29980,29977,29975,29976,29976,29977,29978,29979,29977,29971]} 1. d4 Nf6 2. Nf3 d5 3. c4 e6 4. Nc3 Be7 5. Bf4 O-O 6. e3 c5 7. dxc5 Bxc5 8. cxd5 Nxd5 9. Nxd5 exd5 10. Bd3 Bb4+ {D37: Queen's Gambit Declined: 5 Bf4} 11. Nd2 Nc6 12. O-O d4 {The position is equal.} (12... Be7 13. a3 g6 14. Rc1 Bf6 15. b4 Qe7 16. Nf3 Rd8 17. h3 Ne5 18. Nxe5 Bxe5 {½-½ (39) Caruana,F (2822)-Anand,V (2768) Saint Louis 2018}) 13. Nf3 $146 ({Predecessor:} 13. e4 Be6 14. Nc4 b5 15. Ne5 Nxe5 16. Bxe5 Qb6 17. a4 f6 18. Bf4 bxa4 19. Qxa4 {½-½ (30) Heimann,A (2576)-Prusikin,M (2516) Bad Kissingen 2018}) 13... dxe3 14. Bxe3 h6 15. a3 Bd6 16. h3 Qf6 17. b4 Re8 18. Re1 Be6 19. Bh7+ {[%mdl 64] Discovered Attack} Kxh7 20. Qxd6 Rad8 21. Qf4 Qxf4 22. Bxf4 Rd3 23. b5 Na5 24. a4 Rc8 25. Be3 b6 26. Rec1 Rxc1+ 27. Rxc1 Nc4 28. Nd4 Bd5 29. Nc6 {Strongly threatening Nb4.} Nxe3 30. fxe3 $11 {[%mdl 4096] Endgame KRB-KRN} Rd2 31. g4 Rg2+ 32. Kf1 Ra2 {Hoping for ...Bg2+.} 33. Nxa7 Bg2+ 34. Kg1 $1 Bxh3 35. Rc4 $1 f5 36. gxf5 Bxf5 37. Nc6 Bd3 38. Rd4 Bc2 $2 {[%mdl 8192] [#]} (38... Bf5 $11 {and Black is okay.}) 39. a5 $1 $18 {[%cal Ra5b6][%mdl 512]} bxa5 {[#]} 40. b6 $1 {[%cal Rb6b7]} Rb2 {[#]} 41. Nb4 $1 {[%mdl 512]} a4 (41... axb4 42. b7) 42. b7 a3 43. b8=Q a2 44. Qa7 Rb1+ 45. Kf2 a1=Q 46. Qxa1 Rxa1 47. Nxc2 {KRN-KR} Ra2 48. Rc4 g5 $2 (48... Ra8 49. Rc6 Rf8+ 50. Ke2 h5) 49. Rc6 h5 50. Kf3 Kg7 51. Nd4 Kf7 52. Rh6 h4 53. Nf5 Ra4 54. e4 Ra1 55. e5 {White mates.} Re1 56. Rf6+ Ke8 57. e6 h3 58. e7 h2 59. Rf8+ Kd7 60. Rd8+ Kc7 61. Rh8 Rf1+ 62. Ke2 {Accuracy: White = 76%, Black = 57%.} 1-0